Famous Athenians - Sudden Death - Statistics

General Stats
  • This quiz has been taken 33 times
  • The average score is 8 of 17
Answers on the Grid
Answers color-coded by a green-red scale on the quiz's grid according to % correct below.
Pericles
Aristides
Socrates
Alexander the Great
Miltiades
Plato
Hannibal Barca
Alcibiades
Nicias
Themistocles
Julius Caesar
Cimon
Demosthenes
Philip II
Leonidas
Seleucus
Solon
Draco
Xenophon
Epaminondas
Theseus
Sophocles
Euripides
Augustus
Constantine
Cleisthenes
Lysander
Lycurgus
 
Answer Stats
Answer % Correct
Socrates
96%
Plato
88%
Pericles
76%
Demosthenes
64%
Themistocles
60%
Alcibiades
52%
Aristides
52%
Sophocles
48%
Euripides
44%
Theseus
40%
Xenophon
40%
Cleisthenes
36%
Miltiades
32%
Solon
28%
Nicias
20%
Draco
12%
Cimon
4%
No matching quizzes found
Score Distribution
Percent of People with Each Score
Percentile by Number Answered
Your Score History
You have not taken this quiz